Central Library OPAC University of Rajshahi

The Code of Criminal procedure 1898 : (Record no. 46394)

MARC details
000 -LEADER
fixed length control field 00803nam a2200265 a 4500
001 - CONTROL NUMBER
control field 46394
003 - CONTROL NUMBER IDENTIFIER
rucl marc code BD-RjUL
005 - DATE AND TIME OF LATEST TRANSACTION
control field 20211209054139.0
008 - FIXED-LENGTH DATA ELEMENTS--GENERAL INFORMATION
fixed length control field 160802s1953 pk 000 0 eng
035 ## - SYSTEM CONTROL NUMBER
System control number (BD-RjUL)46512
040 ## - CATALOGING SOURCE
Original cataloging agency DLC
Transcribing agency DLC
Modifying agency DLC
Language of cataloging eng
041 ## - LANGUAGE CODE
Language code of text/sound track or separate title eng
082 00 - DEWEY DECIMAL CLASSIFICATION NUMBER
Classification number 345.5491002632
Author mark and year COD 1953
110 1# - MAIN ENTRY--CORPORATE NAME
Corporate name or jurisdiction name as entry element Pakistan.
Form subheading Laws, statutes, etc.
9 (RLIN) 141656
245 14 - TITLE STATEMENT
Title The Code of Criminal procedure 1898 :
Remainder of title Act V of 1898 : as amended up to date /
250 ## - EDITION STATEMENT
Edition statement 12 th edi.
260 ## - PUBLICATION, DISTRIBUTION, ETC. (IMPRINT)
Place of publication, distribution, etc. [Lahore :
Name of publisher, distributor, etc. Pakistan Legal Publications,
Date of publication, distribution, etc. 1953
300 ## - PHYSICAL DESCRIPTION
Pagination v. ;
Size 24 cm.
505 01 - FORMATTED CONTENTS NOTE
Formatted contents note Vol. 1-- V. 2--
650 #0 - SUBJECT ADDED ENTRY--TOPICAL TERM
Topical term or geographic name as entry element Criminal procedure
Geographic subdivision Pakistan.
9 (RLIN) 141105
700 ## - ADDED ENTRY--PERSONAL NAME
Personal name Mitra, B, B.
Personal name Ghosh, K. M.
942 ## - ADDED ENTRY ELEMENTS (KOHA)
Source of classification or shelving scheme Dewey Decimal Classification
Koha item type Books
Holdings
Lost status Source of classification or shelving scheme Damaged status Not for loan Collection code Permanent Location Current Location Shelving location Date acquired Source of acquisition Cost, normal purchase price Total Checkouts Full call number Date last seen Copy number Koha item type
  Dewey Decimal Classification   Not For Loan Non-fiction Central Library, University of Rajshahi Central Library, University of Rajshahi Reading Room 19/02/1955 Rajshahi : U.B.D 17.80   345.5491002632 COD V-1 1953 02/08/2016 C-1 Books
  Dewey Decimal Classification   Not For Loan Non-fiction Central Library, University of Rajshahi Central Library, University of Rajshahi Reading Room 18/03/1955   17.80   345.5491002632 COD V-2 1953 24/10/2021 C-1 Books